01252pam a2200373 a 45000010005000000030006000050050017000110080041000280100017000690200017000860200017001030400023001200500014001430820009001571000019001662450068001852600035002533000059002884900023003475000023003705000024003935050007004175200111004245210018005355210018005536500019005716500022005906500022006127000032006349060045006669420015007119990015007269520137007414672FISKH20240920075407.0941007s1995 nyua j 000 1 eng  a 94039148  a0590254960 : a078073003990 aDLCcDLCdDLCbeng aPZ8.H146  a277 1 aHall, Kirsten.12aA bad, bad day /cby Kirsten Hall ; illustrated by Laura Rader. aNew York :bScholastic,c1995. a30 unnumbered pages : bcolor illustrations ; c23 cm  aScholastic Reader  a"Cartwheel Books." a"With flash cards." aC  aA young boy's day starts badly, but his mood improves when his teacher gives him a good mark on his paper.8 a140 bLexile 8 aC bRaz-Plus  1aMoodxFiction. 1aSchoolsxFiction. 1aStories in rhyme.1 aRader, Laura,eillustrator  a7bcbccorignewd1eocipf19gy-gencatlg 2ddccBKn0 c4672d4672 00102ddc40708JUVFa001b001cTK Green 7-57-60d2024-09-20l0oHAL 277 PZ8.H146 pFISTK00694r2024-09-20 07:51:01w2024-09-20yBK